Motorola semiconductor master selection : guide and catalog.

Guardado en:
Autor Corporativo: Motorola Semiconductor Products Inc.
Formato: Libro
Idioma:English
Publicado: [Phoenix, Ariz] : Motorola, 1981.
Materias:
Etiquetas: Agregar Etiqueta
Sin Etiquetas, Sea el primero en etiquetar este registro!
LEADER 00643nam a22001815a 4500
001 EIQ.libpla003920
008 080409s1981####txua#####c####000#0#eng#d
005 20080409190711.0
245 1 0 |a Motorola semiconductor master selection :  |b guide and catalog. 
260 |a [Phoenix, Ariz] :  |b Motorola,  |c 1981. 
300 |a 336 p. :  |b il. ;  |c 28 cm. 
650 4 |a Circuitos integrados  |x Catálogos. 
650 4 |a Electrónica  |x Catálogos. 
650 4 |a Integrated circuits  |x Catalogs. 
650 4 |a Electronics  |x Catalogs. 
040 |a AR-BbSID  |b spa  |c AR-BbSID 
110 2 |a Motorola Semiconductor Products Inc. 
859 |a AR-BbSID  |b BIB. PLAPIQUI  |h 621.381 75  |i M 856  |p 3747